Online
Catalog

El masacre se pasa a pie / (Record no. 12346)

MARC details
000 -CABECERA
campo de control de longitud fija 01146nam a2200325 i 4500
001 - NÚMERO DE CONTROL
campo de control 000012695
003 - IDENTIFICADOR DEL NÚMERO DE CONTROL
campo de control DO-SdBNP
005 - FECHA Y HORA DE LA ÚLTIMA TRANSACCIÓN
campo de control 20250717075657.0
007 - CAMPO FIJO DE DESCRIPCIÓN FÍSICA--INFORMACIÓN GENERAL
campo de control de longitud fija ta
008 - DATOS DE LONGITUD FIJA--INFORMACIÓN GENERAL
campo de control de longitud fija 091116s1998 dr a r 000 f spa d
040 ## - FUENTE DE LA CATALOGACIÓN
Centro catalogador/agencia de origen DO-SdBNP
Lengua de catalogación spa
Centro/agencia transcriptor BNPHU
Normas de descripción rda
041 ## - CÓDIGO DE LENGUA
Código de lengua del texto/banda sonora o título independiente spa
082 #4 - NÚMERO DE LA CLASIFICACIÓN DECIMAL DEWEY
Número de clasificación RD863.44
Número de documento/Ítem P936m 1998
Número de edición 22
100 ## - ENTRADA PRINCIPAL--NOMBRE DE PERSONA
Nombre de persona Prestol Castillo, Freddy,
Fechas asociadas al nombre 1914-1981
Término indicativo de función/relación autor
Código de función/relación aut.
9 (RLIN) 22071
245 13 - MENCIÓN DE TÍTULO
Título El masacre se pasa a pie /
Mención de responsabilidad, etc. Freddy Prestol Castillo.
250 ## - MENCIÓN DE EDICIÓN
Mención de edición Decimaprimera edición
264 #4 - PRODUCCIÓN, PUBLICACIÓN, DISTRIBUCIÓN, FABRICACIÓN Y COPYRIGHT
Producción, publicación, distribución, fabricación y copyright Santo Domingo :
Nombre del de productor, editor, distribuidor, fabricante Ediciones de Taller,
Fecha de producción, publicación, distribución, fabricación o copyright ©1998.
300 ## - DESCRIPCIÓN FÍSICA
Extensión 201 páginas :
Otras características físicas ilustraciones ;
Dimensiones 21 cm.
336 ## - TIPO DE CONTENIDO
Término de tipo de contenido texto
Código de tipo de contenido txt
Fuente rdacontent
337 ## - TIPO DE MEDIO
Nombre/término del tipo de medio sin mediación
Código del tipo de medio n
Fuente rdamedia
338 ## - TIPO DE SOPORTE
Nombre/término del tipo de soporte volumen
Código del tipo de soporte nc
Fuente rdacarrier
490 0# - MENCIÓN DE SERIE
Mención de serie Biblioteca Taller ;
Designación de volumen o secuencia 26
500 ## - NOTA GENERAL
Nota general Incluye datos biográficos del autor en la páginas 5-6
590 ## - NOTA LOCAL (RLIN)
Nota local Inventariado, 2019/BT
650 #4 - PUNTO DE ACCESO ADICIONAL DE MATERIA--TÉRMINO DE MATERIA
Término de materia o nombre geográfico como elemento de entrada Novela histórica dominicana.
9 (RLIN) 860
650 #4 - PUNTO DE ACCESO ADICIONAL DE MATERIA--TÉRMINO DE MATERIA
Término de materia o nombre geográfico como elemento de entrada Literatura dominicana.
9 (RLIN) 67
651 #4 - PUNTO DE ACCESO ADICIONAL DE MATERIA--NOMBRE GEOGRÁFICO
Nombre geográfico República Dominicana
Subdivisión general Historia
Subdivisión cronológica Era de Trujillo 1930-1961
Subdivisión general Novela
9 (RLIN) 21999
910 ## - DATOS DE OPCIÓN DEL USUARIO (OCLC)
Datos de opción del usuario VMateo / Validado. Control de calidad. MMOLINA
942 ## - ELEMENTOS DE PUNTO DE ACCESO ADICIONAL (KOHA)
Fuente del sistema de clasificación o colocación Dewey Decimal Classification
Tipo de ítem Koha Libro
Holdings
Estado de retiro Estado de pérdida Fuente del sistema de clasificación o colocación Restricciones de uso No para préstamo Código de colección Localización permanente Ubicación/localización actual Ubicación en estantería Fecha de adquisición Número de inventario Total de préstamos Signatura topográfica completa Código de barras Fecha visto por última vez Precio válido a partir de Tipo de ítem Koha Número de copia Fuente de adquisición
    Dewey Decimal Classification Préstamo en sala   Patrimonio Dominicano Biblioteca Nacional Pedro Henríquez Ureña Biblioteca Nacional Pedro Henríquez Ureña Depósito 16.11.2009   BNPHU PD RD863.44 P936m 1998 12695-10 25.06.2020 25.06.2020 Libro    
    Dewey Decimal Classification Excluido de préstamo   Patrimonio Dominicano Biblioteca Nacional Pedro Henríquez Ureña Biblioteca Nacional Pedro Henríquez Ureña Depósito 05.10.2010   BNPHU PD RD863.44 P936m 1998 12695-20 25.06.2020 25.06.2020 Libro e.2  
    Dewey Decimal Classification Préstamo en sala   Dominicana de Servicio Biblioteca Nacional Pedro Henríquez Ureña Biblioteca Nacional Pedro Henríquez Ureña Depósito 27.06.2025     BNPHU DS RD863.44 P936m 1998 2025-5798 27.06.2025 27.06.2025 Libro e.3 Donación

Powered by Koha